MDQL
is popping MORE tags! Check the
thread
!
Quizzes
Events
Quiz Creation
Community
Videos
Private Events
Remove Ads
Sign In
Join for FREE
Feedback
Dark Mode
Quiz Categories
Sports
Geography
Music
Movies
Television
Just For Fun
Miscellaneous
History
Literature
Language
Science
Gaming
Entertainment
Religion
Holiday
For Kids
Quiz Lab
Recent
Popular Today
Quiz Kudos Today
Editor Picks
Curator Picks
Quizzes by...
Day
Popularity
Type
Ratings
Length
Year
Community
Subscriptions
Recent Discussions
Orange Saloon
Badges
Playlists
Quests
Create
Leaderboards
Showdown
Live 5
Trivia Bingo
Activity
Puzzle Library
Sporcle Events
Private Events
Virtual Trivia
Globe League
Become a Host
Pub Owners
SporcleCon
Opinionation
Our Games
Videos
Blog
Mobile Apps
Partnerships
Remove Ads and Go Orange
Feedback
Geography
Country
Landmarks
City
State
Population
World
Capital
Continent
Flags
Europe
Africa
Asia
South America
North America
Oceania
Border
Canada
United Kingdom
Topography
United States
Geography
Country
Landmarks
City
State
Population
World
Capital
Continent
Flags
Europe
Africa
Asia
South America
North America
Oceania
Border
Canada
United Kingdom
Topography
United States
Random Quiz
Search Sporcle
×
Quiz Lab
Quiz Lab
Geography
Country
Type in answers that appear in a list
Type in answers that appear in a list
Classic
Best Score? Go Orange.
Country Quiz Stats
Can you name the country where these cities are located?
By
AAl113
3m
20 Questions
737 Plays
737 Plays
737 Plays
Comments
Comments
Give Quiz Kudos
Give Quiz Kudos
-
- Ratings
hide this ad
More Info
Forced Order
Answers have to be entered in order
Answers have to be entered in order
Random Order
Randomize order of answers
Randomize order of answers
Replay
Link that replays current quiz
Next Quiz
Link to next quiz in quiz playlist
You Got
0%
They Got
Avg Score
71%
Avg Friend Score
Upgrade to see
Score Distribution
Jump to the score distribution portion of the page
Score
0/20
Timer
03:00
0
Plays Today
Cities
Country
% Correct
Oslo, Stavanger, Hammerfest
Norway
95%
Genoa, Naples, Palermo
Italy
94.8%
Cape Town, Port Elizabeth, Durban
South Africa
94.3%
Birmingham, Cardiff, Leeds
United Kingdom
93.6%
Bordeaux, Nantes, Lyon
France
93.4%
Leipzig, Essen, Cologne
Germany
89.6%
Valencia, Sevilla, Zaragoza
Spain
89.1%
Ankara, Konya, Antalya
Turkey
83.7%
Homyel, Brest, Minsk
Belarus
82.2%
Wroclaw, Lodz, Poznan
Poland
81%
Cities
Country
% Correct
Echo Bay, Yellow Knife, Hay River
Canada
71.1%
Odessa, Zhytomyr, L'viv
Ukraine
65.8%
Kinshasa, Kananga, Kisangani
Democratic Republic of the Congo
61.2%
Norfolk, El Dorado, Windsor
United States of America
60.4%
Goteborg, Umea, Gavle
Sweden
58.1%
Luanda, Lubango, Namibe
Angola
50.7%
Cali, Medellin, Cucuta
Colombia
46%
Rosario, Santa Fe, Bahia Blanca
Argentina
41.7%
Iquitos, Piura, Trujillo
Peru
37.3%
Arica, Concepcion, Antofagasta
Chile
34.3%
Quiz Playlist
Details
Report
Send in Message
Add To Playlist
More Info:
This test is VERY hard! I tried to use lesser known cities only. If the capital city is in the list, it would be the first city.
Classic:
Type in answers that appear in a list
Forced Order:
Answers have to be entered in order
Random Order:
Randomize order of answers
Last Updated: Feb 16, 2017
Quiz Scoreboard
CHALLENGE
Sign Up to Join the Scoreboard
Show All
Scores
Hide
Comments
May contain spoilers
Recently Published
Street Fighter Characters
by Artimus82
Gaming
60s
9x9 Crossword: Cartoon Network
by jackfrog10
Miscellaneous
3m
College Basketball Coaching Resumes
by pancakes188
Sports
9m
More to Explore
Quiz From the Vault
Featured Blog Post
Where Did the Easter Bunny Come From?
hide this ad
You Might Also Like...
Tags
City Quiz
Country Quiz
location
Today's Top Quizzes in Geography
Browse Geography
hide this ad
Today's Top Quizzes in Country
Browse Country
Top Contributed Quizzes in Geography
1
Countries of the World - No Outlines Minefield
2
Top 25 Cities of France on a map
3
Any capital of a 'B' country per Continent
4
Any capital of a 'C' country per Continent
5
Closest Countries to UK A-Z
6
Any capital of a 'D' country per Continent
7
5-to-1: US Geography No Hints
8
Any capital of an 'E' country per Continent
9
Find the US States - No Outlines
10
Any capital of an 'F' country per Continent
Explore More
Trending Topics
Kpop
Disney
NBA
Anime
Crossword
Marvel
Harry Potter
Puzzle
NFL
Country
WWE
Pokémon
The Office
Song
Soccer
hide this ad
More By:
AAl113
Quiz
Plays
Rating
Category
Featured
Created
Spanish Words
1,094
2.00
Language
Feb 14, 2010
Country Quiz
737
3.75
Geography
Feb 14, 2010
Spanish Subject Pronouns
642
5.00
Language
Dec 19, 2009
Sports Acronyms
574
2.29
Sports
Dec 19, 2009
Random Questions
284
3.67
Just For Fun
Dec 22, 2009
Go to Creator's Profile
Score Distribution
Quiz Creator Spotlight
AAl113
Follow
Send a Message
Quizzes Created
-
Created Quiz Play Count
-
More By This Creator
Popular Quizzes Today
1
Find the US States - No Outlines Minefield
2
Find the Countries of Europe - No Outlines Minefield
3
The Countries of the World
4
Find the US States
5
Risky Map Clicking: Biggest States A-Z
6
US States
7
Popular People in 1961
8
Movies - When Are They Set?
More Geography Quizzes
Missing Countries: Africa
Published
Trending Quizzes
Risky Map Clicking: Least Populous States A-Z
Countries of the World: 200 Million BC
1-10 Letter G Words
Risky Map Clicking: Next State Alphabetically
Adjectives in 80s TV Shows
Recently Updated
Leaping Animals
pecheneg
Reality TV Shows (A-Z)
bhenderson79
Rickey Henderson's Hall of Fame Teammates
pecheneg
Champions League XIs: Arsenal
pecheneg
Quick Pick: Celebrities in WWE's Hall of Fame
aduchscher
A-Z Keypad Blitz II
pecheneg
Multiple Oscar Actors
pecheneg
Mystery Phrase Blitz: Oscar 'Best Actors'
pecheneg
F. Scott Fitzgerald Novels
LTH
Pick 3 Villains
ddd62291
Trending Topics
NBA
Kpop
Marvel
Disney
Crossword
Anime
Harry Potter
The Office
Soccer
Country
Puzzle
WWE
NFL
Pokémon
Song
Your Account Isn't Verified!
In order to create a playlist on Sporcle, you need to verify the email address you used during registration. Go to your
Sporcle Settings
to finish the process.
Report this User
Report this user for behavior that violates our
Community Guidelines
.
Details:
Send Report
Go to the Sporcle.com Mobile Site →
Comments